[Event "52nd Rubinstein Mem"]
[Site "Polanica Zdroj POL"]
[Date "2016.08.27"]
[Round "8.2"]
[White "Cukrowski, Filip"]
[Black "Tomczak, Mikolaj"]
[Result "0-1"]
[WhiteTitle "FM"]
[BlackTitle "FM"]
[WhiteElo "2381"]
[BlackElo "2298"]
[WhiteFideId "1171097"]
[BlackFideId "1175114"]
[EventDate "2016.08.20"]

1. e4 c5 2. Nf3 e6 3. d4 cxd4 4. Nxd4 d6 5. c4 Nf6 6. Nc3 a6 7. Bd3 Nbd7 8. O-O
Qc7 9. Bd2 Ne5 10. Be2 Bd7 11. Rc1 Be7 12. Be3 Rc8 13. b3 O-O 14. f4 Nc6 15. Bf3
Rfd8 16. Nde2 Be8 17. Qe1 Qa5 18. Nd4 Kh8 19. Nce2 Qxe1 20. Rfxe1 Nd7 21. Red1
Kg8 22. f5 Nf8 23. fxe6 fxe6 24. Bg4 Nxd4 25. Bxd4 Bf7 26. Bb6 Re8 27. Bf2 Red8
28. Bg3 h5 29. Bf3 h4 30. Bf2 Ng6 31. Bh5 Bg5 32. Rc3 Ne5 33. Bxf7+ Kxf7 34. Rh3
Ng6 35. Rhd3 Be7 36. Rf1 Bf6 37. Bb6 Rd7 38. Rfd1 Rc6 39. Bf2 Ne5 40. R3d2 Ke7
41. h3 Bg5 42. Rc2 Rc8 43. Rc3 Bf6 44. Bd4 Rdc7 45. a4 g5 46. Rdc1 Nd7 47. Kf2
b6 48. Bxf6+ Nxf6 49. Ke3 Rc5 50. Kd4 Nh5 51. b4 e5+ 52. Ke3 R5c7 53. R3c2 Ke6
54. Ng1 Nf4 55. Nf3 Rg8 56. c5 bxc5 57. bxc5 dxc5 58. Rxc5 Nxg2+ 59. Kf2 Rxc5
60. Rxc5 Nf4 61. Rxe5+ Kd6 62. Ra5 Nxh3+ 63. Ke3 Rb8 64. Nxg5 Rb3+ 65. Ke2 Nf4+
66. Kd2 h3 67. Rxa6+ Ke5 68. Rh6 Rg3 69. Nf7+ Kd4 70. Nd6 Rg2+ 71. Kc1 Kc3 72.
Nb5+ Kb4 73. Nd4 h2 74. Nc2+ Kc3 75. Rc6+ Kd3 76. Ne1+ Ke2 77. Rh6 Kxe1 78. a5
Nd3+ 79. Kb1 Nf2 80. Kb2 Ng4+ 0-1

[Event "52nd Rubinstein Mem"]
[Site "Polanica Zdroj POL"]
[Date "2016.08.27"]
[Round "8.3"]
[White "Cyborowski, Lukasz"]
[Black "Shishkin, Vadim UKR"]
[Result "1/2-1/2"]
[WhiteTitle "GM"]
[BlackTitle "GM"]
[WhiteElo "2526"]
[BlackElo "2469"]
[WhiteFideId "1108760"]
[BlackFideId "14101696"]
[EventDate "2016.08.20"]

1. Nf3 Nf6 2. d4 g6 3. Nbd2 d5 4. e3 Bg7 5. b4 O-O 6. Be2 Ne4 7. Bb2 Nxd2 8.
Qxd2 Bg4 9. c4 dxc4 10. Bxc4 Nd7 11. Be2 c6 12. h3 Bxf3 13. Bxf3 e5 14. O-O Nb6
15. Qc2 Qe7 16. a4 exd4 17. exd4 Rfd8 18. b5 cxb5 19. axb5 Rac8 20. Qb3 Nc4 21.
Rfe1 Qd7 22. Bc3 Nd6 23. Bg4 Nf5 24. Red1 Qd5 25. Rdb1 Rxc3 26. Qxc3 Bxd4 27.
Qf3 Bxa1 28. Qxd5 Rxd5 29. Bf3 Rc5 30. Rxa1 Rxb5 31. Rxa7 Nd6 32. Ra8+ Kg7 33.
Rd8 Nc4 34. Be4 Rb4 35. Rd4 b5 36. Kh2 Rb2 37. Bc6 Ne5 38. Bd5 Rc2 39. Re4 Kf6
40. f4 Nd3 41. Rd4 Rc3 42. Bf3 b4 43. Be4 Nxf4 44. Rxb4 h5 45. h4 Ne6 46. Bf3
Rd3 47. Kg3 Rd2 48. Ra4 Nd4 49. Ra6+ Kg7 50. Ra4 Nf5+ 51. Kh3 Rc2 52. Rb4 Rc1
53. Kh2 Ne3 54. Rb3 Re1 55. Ra3 Kh6 56. Rc3 f6 57. Rc6 Kg7 58. Rc7+ Kf8 59. Ra7
Nf5 60. Ra4 Kg7 61. Rb4 Kh6 62. Ra4 Re6 63. Rb4 Rd6 64. Ra4 Nd4 65. Kg3 g5 66.
hxg5+ fxg5 67. Ra5 Rf6 68. Be4 h4+ 69. Kh3 Ne2 70. Rf5 Re6 71. Bf3 Ng3 72. Rc5
Nf1 73. Rc6 Rxc6 74. Bxc6 Kg6 75. Bb5 Ng3 76. Kg4 Kf6 77. Bd3 Nh1 78. Bc2 Nf2+
79. Kf3 h3 80. gxh3 Ke5 1/2-1/2

[Event "52nd Rubinstein Mem"]
[Site "Polanica Zdroj POL"]
[Date "2016.08.27"]
[Round "8.4"]
[White "Malaniuk, Vladimir P"]
[Black "Zebracki, Tomasz"]
[Result "1-0"]
[WhiteTitle "GM"]
[WhiteElo "2471"]
[BlackElo "2172"]
[WhiteFideId "14100177"]
[BlackFideId "1181521"]
[EventDate "2016.08.20"]

1. d4 e6 2. c4 b6 3. e4 Bb7 4. Bd3 Bb4+ 5. Bd2 Bxd2+ 6. Qxd2 f5 7. Nc3 fxe4 8.
Bxe4 Bxe4 9. Nxe4 Nf6 10. Nc3 O-O 11. Nf3 Nc6 12. O-O Ne7 13. Rfe1 c6 14. Rac1
Qe8 15. Ne5 Qh5 16. h3 Rad8 17. Rcd1 Ng6 18. Qe3 Nxe5 19. dxe5 Ne8 20. Rd4 Nc7
21. Red1 b5 22. b3 b4 23. Ne2 Qe8 24. R4d2 Na6 25. Ng3 c5 26. Ne4 d5 27. exd6
Qc6 28. d7 Nb8 29. Nxc5 Rf7 30. Rd6 1-0

[Event "52nd Rubinstein Mem"]
[Site "Polanica Zdroj POL"]
[Date "2016.08.27"]
[Round "8.5"]
[White "Grela, Kacper"]
[Black "Farkas, Gabor1"]
[Result "0-1"]
[WhiteTitle "FM"]
[BlackTitle "FM"]
[WhiteElo "2274"]
[BlackElo "2368"]
[WhiteFideId "1154141"]
[BlackFideId "14908034"]
[EventDate "2016.08.20"]

1. e4 c5 2. Nf3 d6 3. d4 cxd4 4. Nxd4 Nf6 5. Nc3 a6 6. Bg5 Nbd7 7. Qe2 Qc7 8. f4
e5 9. Nf5 b5 10. O-O-O b4 11. Nd5 Nxd5 12. exd5 g6 13. Nd4 Bg7 14. Nc6 f6 15.
fxe5 Nxe5 16. Nxe5 fxe5 17. g4 O-O 18. Qe4 a5 19. Kb1 a4 20. Bd3 Ba6 21. Bxa6
Rxa6 22. Bd2 a3 23. b3 Rf2 24. Qe3 Qf7 25. Bxb4 Ra8 26. g5 Qf5 27. Rd2 Rf1+ 28.
Rd1 Rf2 29. Rd2 Rf1+ 30. Rd1 Rf3 31. Qb6 Rc8 32. Rc1 Rf2 33. Bxa3 Rcxc2 34. Qd8+ 0-1

[Event "52nd Rubinstein Mem"]
[Site "Polanica Zdroj POL"]
[Date "2016.08.27"]
[Round "8.6"]
[White "Chmiel, Marcin"]
[Black "Pavlov, Sergey2"]
[Result "1-0"]
[BlackTitle "IM"]
[WhiteElo "2194"]
[BlackElo "2473"]
[WhiteFideId "1135503"]
[BlackFideId "14114330"]
[EventDate "2016.08.20"]

1. e4 e5 2. Nf3 Nc6 3. d4 exd4 4. Nxd4 Nf6 5. Nc3 Nxe4 6. Nxe4 Qe7 7. Be2 Qxe4
8. Nb5 Bb4+ 9. c3 Ba5 10. O-O O-O 11. Be3 a6 12. Na3 b5 13. Bf3 Qf5 14. Nc2 Rb8
15. b4 Bb6 16. Bxb6 cxb6 17. Ne3 Qf6 18. Nd5 Qd8 19. Qd2 Ne5 20. Be2 Bb7 21.
Rae1 Re8 22. f4 Bxd5 23. Qxd5 Ng6 24. f5 Qg5 25. Bf3 Nf8 26. Qd6 Qf6 27. Qxf6
gxf6 28. Rxe8 Rxe8 29. Rd1 Rb8 30. Rd6 Kg7 31. Kf2 Rc8 32. Rxb6 Rxc3 33. Rxa6
Rc4 34. a3 Rf4 35. Ra5 Rxf5 36. a4 Ne6 37. Rxb5 Rxb5 38. axb5 Nc7 39. b6 Na6 40.
b5 Nb8 41. Ke3 Kf8 42. Kf4 Ke7 43. Kf5 Kd6 44. Kxf6 Kc5 45. b7 1-0

[Event "52nd Rubinstein Mem"]
[Site "Polanica Zdroj POL"]
[Date "2016.08.27"]
[Round "8.7"]
[White "Voloshin, Leonid"]
[Black "Siekanski, Janusz"]
[Result "1/2-1/2"]
[WhiteTitle "GM"]
[WhiteElo "2425"]
[BlackElo "2290"]
[WhiteFideId "311111"]
[BlackFideId "1100599"]
[EventDate "2016.08.20"]

1. d4 d5 2. c4 e6 3. Nc3 c5 4. cxd5 exd5 5. Nf3 Nc6 6. g3 Nf6 7. Bg2 Be7 8. O-O
O-O 9. Bg5 c4 10. Ne5 Be6 11. e3 h6 12. Bxf6 Bxf6 13. Nxc6 bxc6 14. b3 cxb3 15.
axb3 c5 16. Na4 cxd4 17. exd4 Qa5 18. Nc5 Qc3 19. Nxe6 fxe6 20. Qe2 Rae8 21. Ra6
Qxb3 22. Rxe6 Rd8 23. Qd2 Qc4 24. Rd1 Kh8 25. Bf1 Qb3 26. Ra6 Rc8 27. Bd3 Bg5
28. f4 Bf6 29. Kg2 Bxd4 30. Bg6 Bb6 31. Qxd5 Qe3 32. Qf3 Qe6 33. Bb1 Rfe8 34.
Ra2 Qc6 35. Qxc6 Rxc6 36. Kh3 Rcc8 37. Bg6 Rcd8 38. Rc1 Rc8 39. Re2 Rf8 40. Rb1
Rf6 41. f5 Rff8 42. Rb4 Bc5 43. Ra4 Kg8 44. Kg2 Rcd8 45. Kh3 Rd4 46. Ra6 1/2-1/2

[Event "52nd Rubinstein Mem"]
[Site "Polanica Zdroj POL"]
[Date "2016.08.27"]
[Round "8.8"]
[White "Kanicki, Krzysztof"]
[Black "Zochowski, Kacper"]
[Result "1/2-1/2"]
[WhiteElo "2177"]
[BlackElo "2275"]
[WhiteFideId "1163450"]
[BlackFideId "1125494"]
[EventDate "2016.08.20"]

1. e4 c5 2. Nf3 d6 3. d4 cxd4 4. Nxd4 Nf6 5. Nc3 a6 6. Be3 e6 7. f3 h5 8. Qd2
Be7 9. O-O-O b5 10. Kb1 Bb7 11. g3 Nbd7 12. a3 g6 13. h3 d5 14. exd5 Nxd5 15.
Nxd5 Bxd5 16. Bg2 Qc7 17. f4 Qb7 18. Bxd5 Qxd5 19. Nb3 Qxd2 20. Rxd2 Nf6 21. Bd4
Rg8 22. Re2 Nd5 23. Rf1 Bd6 24. Be5 Ke7 25. Bxd6+ Kxd6 26. Nd4 Nf6 27. Nf3 Rac8
28. c3 Ke7 29. Rd1 Rgd8 30. Rxd8 Rxd8 31. Kc2 Nd5 32. Re4 Kf6 33. Re2 Rc8 34.
Kd3 Kg7 35. Re4 Ne7 36. Nd4 Kf6 37. Ke2 Nd5 38. Nf3 Ne7 39. Nd4 Rc7 40. Re5 Nd5
41. Kf3 Nb6 42. Re2 Nc4 43. g4 hxg4+ 44. hxg4 Rc8 45. Rh2 Rc5 46. Ke4 Rc8 47.
g5+ Ke7 48. Kd3 Rc5 49. Rg2 Kd7 50. Rf2 Ke7 51. Rg2 Rc8 52. Rh2 Kd6 53. Ke4 Re8
54. Nf3 Ke7 55. Ne5 Rc8 56. Rh7 Nxe5 57. Kxe5 Rd8 58. Rh2 Rd5+ 59. Ke4 Rd8 60.
Rc2 f5+ 61. gxf6+ Kxf6 62. c4 bxc4 63. Rxc4 Rd2 64. Ra4 Re2+ 65. Kf3 Rxb2 66.
Rxa6 Rb1 67. a4 Ra1 68. Kg4 Rg1+ 69. Kf3 Ra1 70. Ra7 Rf1+ 71. Ke3 Re1+ 72. Kf2
Ra1 73. Kf3 1/2-1/2

[Event "52nd Rubinstein Mem"]
[Site "Polanica Zdroj POL"]
[Date "2016.08.27"]
[Round "8.9"]
[White "Lewtak, Damian"]
[Black "Dubinski, Mateusz"]
[Result "1/2-1/2"]
[BlackTitle "CM"]
[WhiteElo "2389"]
[BlackElo "2202"]
[WhiteFideId "1141724"]
[BlackFideId "1125923"]
[EventDate "2016.08.20"]

1. e4 e5 2. Nf3 Nc6 3. Bb5 a6 4. Bxc6 dxc6 5. O-O Bg4 6. h3 h5 7. d3 Qf6 8. Nbd2
Ne7 9. Re1 Bxf3 10. Qxf3 O-O-O 11. Qxf6 gxf6 12. Nf1 c5 13. Be3 b6 14. f4 Kd7
15. f5 Nc6 16. Kf2 Nd4 17. Rac1 a5 18. a4 Nc6 19. c3 Kc8 20. Rcd1 Kb7 21. Nh2
Rd7 22. Nf3 Be7 23. Rg1 Na7 24. h4 Rg8 25. Nh2 c6 26. Ke2 b5 27. b3 Nc8 28. g4
hxg4 29. Nxg4 Rh8 30. Rh1 Rh5 31. c4 bxa4 32. bxa4 Rd8 33. Ra1 Nb6 34. Ra3 Ka6
35. Bf2 Nd7 36. Rb1 Rb8 37. Rxb8 Nxb8 38. Ne3 Ka7 39. Ra1 Bf8 40. Rg1 Rh8 41.
Rh1 Rh5 42. Nf1 Na6 43. Ng3 Rh8 44. h5 Bh6 45. Be3 Bxe3 46. Kxe3 Rh6 47. Rh4 Nb8
48. Rg4 Rh7 49. Rg8 Kb7 50. Kf3 Nd7 51. Rg6 Kc7 52. Kg4 Kd6 53. Rg8 Nb6 54. Kh4
Kc7 55. Nh1 Nxa4 56. Nf2 Nb6 57. Ng4 Nd7 58. Ra8 Kd6 59. Rxa5 Rh8 60. h6 Ke7 61.
Ra7 Kd6 62. Kh5 Ke7 63. Nxf6 Kxf6 64. Rxd7 Rxh6+ 65. Kg4 Kg7 66. Kg5 Rh3 67. f6+
Kg8 68. Rd8+ Kh7 69. Rf8 Rg3+ 70. Kf5 Rg5+ 1/2-1/2

[Event "52nd Rubinstein Mem"]
[Site "Polanica Zdroj POL"]
[Date "2016.08.27"]
[Round "8.10"]
[White "Socko, Monika"]
[Black "Rozycki, Bartlomiej"]
[Result "1/2-1/2"]
[WhiteTitle "GM"]
[WhiteElo "2454"]
[BlackElo "2118"]
[WhiteFideId "1106619"]
[BlackFideId "1106996"]
[EventDate "2016.08.20"]

1. d4 Nf6 2. Nf3 e6 3. Bf4 d5 4. e3 c5 5. c3 Bd6 6. Bg3 Nc6 7. Nbd2 Bxg3 8. hxg3
Qd6 9. Bd3 e5 10. dxc5 Qxc5 11. e4 Bg4 12. Qa4 Bxf3 13. gxf3 h6 14. exd5 Qxd5
15. Bc4 Qa5 16. Bb5 Qxa4 17. Bxa4 O-O-O 18. Bxc6 bxc6 19. O-O-O Kc7 20. Rhe1
Rhe8 21. Re2 Re6 22. Kc2 Nd7 23. Nc4 Rde8 24. Red2 R8e7 25. Nd6 g6 26. b4 Nb6
27. c4 Nd5 28. cxd5 Rxd6 29. dxc6 Rxd2+ 30. Rxd2 Kxc6 31. a4 a6 32. Kc3 h5 33.
Kc4 Re8 34. b5+ axb5+ 35. axb5+ Kc7 36. Kc5 g5 37. b6+ Kc8 38. Ra2 Kb8 39. Ra7
h4 40. Rxf7 Rh8 41. Rd7 Rf8 42. Rg7 Rxf3 43. Rxg5 Rxf2 44. gxh4 e4 45. Re5 Rc2+
46. Kd4 Kb7 47. Re6 Rh2 48. Rh6 Re2 49. Ke5 e3 50. Kf4 Re1 51. Kf3 Ka6 52. Re6
Rh1 53. Kg3 Re1 54. Kg2 Re2+ 55. Kf3 Rh2 56. Kg3 Re2 57. h5 Re1 58. Kf3 Rf1+ 59.
Kg2 Rf5 60. h6 Rh5 61. Kf3 Rh3+ 62. Kg4 Rh2 63. Kg3 Rh1 64. Kg2 Rh5 65. Kf3 Rh1
66. Rg6 Rh3+ 67. Ke2 Kb7 68. Kd3 Ka6 69. Re6 Kb7 70. Ke2 Ka6 71. Kf1 Rh5 72. Ke1
Rh2 73. Kf1 e2+ 74. Ke1 Kb7 75. Kd2 Ka6 76. Ke1 Kb7 1/2-1/2

[Event "52nd Rubinstein Mem"]
[Site "Polanica Zdroj POL"]
[Date "2016.08.27"]
[Round "8.11"]
[White "Kucza, Karol"]
[Black "Psyk, Radoslaw"]
[Result "1-0"]
[WhiteTitle "FM"]
[WhiteElo "2307"]
[BlackElo "2161"]
[WhiteFideId "1159755"]
[BlackFideId "1182838"]
[EventDate "2016.08.20"]

1. e4 Nf6 2. Nc3 d5 3. e5 d4 4. exf6 dxc3 5. fxg7 cxd2+ 6. Qxd2 Qxd2+ 7. Bxd2
Bxg7 8. O-O-O Nc6 9. Nf3 Bg4 10. Bb5 O-O-O 11. Bxc6 bxc6 12. Bg5 Rxd1+ 13. Rxd1
Bxf3 14. gxf3 Be5 15. h4 Rd8 16. Re1 f6 17. Be3 Bd4 18. Rg1 Rd5 19. Rg7 Bxe3+
20. fxe3 Re5 21. Kd2 h5 22. c4 Kd7 23. b4 a5 24. f4 Rf5 25. a3 axb4 26. axb4 Kd6
27. Kd3 c5 28. Ke4 e6 29. b5 c6 30. b6 Re5+ 31. fxe5+ fxe5 32. Rg8 1-0

[Event "52nd Rubinstein Mem"]
[Site "Polanica Zdroj POL"]
[Date "2016.08.27"]
[Round "8.12"]
[White "Faron, Rafal"]
[Black "Karpus, Michal"]
[Result "0-1"]
[BlackTitle "FM"]
[WhiteElo "2008"]
[BlackElo "2240"]
[WhiteFideId "1149768"]
[BlackFideId "1174088"]
[EventDate "2016.08.20"]

1. d4 Nf6 2. c4 g6 3. f3 d5 4. cxd5 Nxd5 5. e4 Nb6 6. Nc3 Bg7 7. Be3 O-O 8. Qd2
Nc6 9. O-O-O Qd6 10. Nb5 Qd7 11. f4 a6 12. Na3 e6 13. Nf3 Rd8 14. Nc4 Nxc4 15.
Bxc4 b5 16. Bb3 Qe7 17. d5 exd5 18. exd5 Bf5 19. Nd4 Nxd4 20. Bxd4 Qe4 21. Bc2
Qxd5 22. Bxg7 Qxa2 23. Qxd8+ Rxd8 24. Rxd8+ Kxg7 25. Bxf5 gxf5 0-1

[Event "52nd Rubinstein Mem"]
[Site "Polanica Zdroj POL"]
[Date "2016.08.27"]
[Round "8.13"]
[White "Zaleski, Lukasz"]
[Black "Mazalon, Mariusz"]
[Result "1-0"]
[WhiteElo "2219"]
[BlackElo "2057"]
[WhiteFideId "1172611"]
[BlackFideId "1103105"]
[EventDate "2016.08.20"]

1. e4 c5 2. Nf3 g6 3. d4 Bg7 4. dxc5 Qa5+ 5. c3 Qxc5 6. Na3 Qc7 7. Nb5 Qd8 8.
Bd3 Nc6 9. O-O d6 10. h3 Nf6 11. Qe2 O-O 12. Rd1 a6 13. Nbd4 Qc7 14. Nxc6 bxc6
15. Bf4 Nd7 16. Nd2 a5 17. Qe3 Re8 18. Nc4 a4 19. Rac1 Ba6 20. Bh6 Bh8 21. Qg3
Nc5 22. Be2 Nxe4 23. Qe3 Bxc4 24. Bxc4 Nf6 25. Re1 Bg7 26. Bg5 Qa5 27. Rcd1 d5
28. Bd3 e5 29. g4 Nd7 30. h4 f6 31. Bh6 e4 32. Bc2 Bxh6 33. Qxh6 Ne5 34. Kg2
Nxg4 35. Qf4 f5 36. h5 Kg7 37. Rd4 Qb6 38. Rb4 Qd8 39. Bxa4 Rc8 40. Rh1 Qf6 41.
hxg6 hxg6 42. Bd1 g5 43. Rb7+ Kg8 44. Qg3 Nh6 45. Rh5 Nf7 46. Qh3 g4 47. Qh2 Rf8
48. Qf4 Nh8 49. Rxh8+ Kxh8 50. Qh2+ Kg8 51. Qh7# 1-0

[Event "52nd Rubinstein Mem"]
[Site "Polanica Zdroj POL"]
[Date "2016.08.27"]
[Round "8.14"]
[White "Piotrowski, Przemyslaw"]
[Black "Gierulski, Kamil"]
[Result "0-1"]
[WhiteElo "2155"]
[BlackElo "2216"]
[WhiteFideId "1127063"]
[BlackFideId "1163825"]
[EventDate "2016.08.20"]

1. Nf3 Nf6 2. g3 d5 3. Bg2 e6 4. O-O Be7 5. c4 O-O 6. d4 dxc4 7. Qc2 a6 8. a4
Bd7 9. Qxc4 Bc6 10. Bg5 Bd5 11. Qd3 Be4 12. Qe3 Nbd7 13. Nc3 Bg6 14. Ne5 c6 15.
Nxg6 hxg6 16. Qd3 a5 17. Rad1 Qb6 18. e4 e5 19. dxe5 Nxe5 20. Qe2 Bc5 21. Kh1
Qb3 22. f4 Nh7 23. Bh4 g5 24. fxe5 gxh4 25. gxh4 Rae8 26. Rf5 g6 27. Rf3 Rxe5
28. Rdf1 Qe6 29. Bh3 Qe7 30. Qc4 Bb4 31. Rf4 Bd6 32. Qb3 Kg7 33. Bg4 Rc5 34.
R4f3 Be5 35. Bh3 Nf6 36. Bg2 Rh8 37. Ne2 Rxh4 38. Ng3 Qd8 39. Qe3 Rxh2+ 40. Kxh2
Ng4+ 0-1

[Event "52nd Rubinstein Mem"]
[Site "Polanica Zdroj POL"]
[Date "2016.08.27"]
[Round "8.15"]
[White "Luba, Lukasz"]
[Black "Kulas, Szymon"]
[Result "0-1"]
[WhiteElo "2117"]
[BlackElo "2210"]
[WhiteFideId "1117289"]
[BlackFideId "1178989"]
[EventDate "2016.08.20"]

1. d4 Nf6 2. c4 g6 3. Nc3 Bg7 4. e4 d6 5. h3 O-O 6. Be3 c5 7. d5 Qa5 8. Qd2 a6
9. f3 Nh5 10. Nge2 Nd7 11. Rc1 b5 12. Kf2 Ne5 13. Nf4 Nxf4 14. Bxf4 b4 15. Nd1
Qxa2 16. Bh6 a5 17. Bxg7 Kxg7 18. f4 Nd7 19. Bd3 Nb6 20. h4 h5 21. Ne3 a4 22.
Ra1 Qb3 23. Rhb1 Ba6 24. f5 e6 25. g4 exd5 26. e5 dxe5 27. gxh5 Rh8 28. f6+ Kf8
29. hxg6 fxg6 30. h5 e4 31. Bxe4 Re8 32. Bc2 Nxc4 33. Bxb3 Nxd2 34. Bxd5 Rxh5
35. Rh1 Rxe3 36. Kxe3 Rxd5 37. Rxa4 Nc4+ 38. Kf4 Rf5+ 39. Kg3 Rxf6 40. b3 Nd2
41. Rh8+ Kg7 42. Ra8 Ne4+ 43. Kh2 Bb7 44. R4a7 Rf7 45. Rd8 g5 46. Re8 Bc6 47.
Ree7 Rxe7 48. Rxe7+ Kf6 49. Rh7 Bd5 50. Rh3 g4 51. Re3 Ke5 52. Rd3 g3+ 53. Kg1
c4 54. bxc4 Bxc4 55. Rd1 b3 56. Rb1 Kd4 57. Kg2 Bd5 58. Rd1+ Kc4 59. Kg1 b2 60.
Re1 Nc3 0-1

[Event "52nd Rubinstein Mem"]
[Site "Polanica Zdroj POL"]
[Date "2016.08.27"]
[Round "8.16"]
[White "Praczukowski, Stanislaw"]
[Black "Czerw, Dawid"]
[Result "0-1"]
[WhiteElo "2096"]
[BlackElo "2179"]
[WhiteFideId "1182730"]
[BlackFideId "1145746"]
[EventDate "2016.08.20"]

1. e4 c5 2. Nf3 g6 3. d4 cxd4 4. Nxd4 Nc6 5. c4 Nf6 6. Nc3 d6 7. Be2 Nxd4 8.
Qxd4 Bg7 9. Be3 O-O 10. Qd2 a5 11. O-O a4 12. Rad1 Qa5 13. f4 Be6 14. f5 Bc8 15.
c5 a3 16. cxd6 exd6 17. b3 Bd7 18. Bc4 b5 19. Bd5 b4 20. Ne2 Nxd5 21. Qxd5 Qxd5
22. Rxd5 gxf5 23. exf5 Rfe8 24. Kf2 Be5 25. Ng3 Rac8 26. Rc1 Rxc1 27. Bxc1 Rc8
28. Be3 Rc2+ 29. Rd2 Rb2 30. Kf3 Ba4 31. bxa4 Rxd2 32. Bxd2 b3 0-1

[Event "52nd Rubinstein Mem"]
[Site "Polanica Zdroj POL"]
[Date "2016.08.27"]
[Round "8.17"]
[White "Leks, Maria"]
[Black "Pacan-Milej, Kosma"]
[Result "1/2-1/2"]
[WhiteTitle "WCM"]
[WhiteElo "2142"]
[BlackElo "2127"]
[WhiteFideId "1134957"]
[BlackFideId "21800537"]
[EventDate "2016.08.20"]

1. e4 c5 2. Nf3 d6 3. Bb5+ Bd7 4. Bxd7+ Qxd7 5. d4 cxd4 6. Nxd4 Nf6 7. f3 g6 8.
c4 Bg7 9. Nc3 O-O 10. O-O Rc8 11. b3 d5 12. exd5 Nxd5 13. Nxd5 e6 14. Bh6 exd5
15. Bxg7 Kxg7 16. Nb5 dxc4 17. Nd6 Rd8 18. Nxb7 Qxd1 19. Raxd1 Rxd1 20. Rxd1
cxb3 21. axb3 Nc6 22. Rd7 a5 23. Nc5 Rb8 24. Rb7 Rxb7 25. Nxb7 Kf6 26. Kf2 Ke5
27. Ke3 Kd5 28. h4 h6 29. g3 f6 30. g4 g5 1/2-1/2

[Event "52nd Rubinstein Mem"]
[Site "Polanica Zdroj POL"]
[Date "2016.08.27"]
[Round "8.18"]
[White "Gumularz, Szymon"]
[Black "Betkowski, Andrzej"]
[Result "1-0"]
[WhiteElo "2260"]
[BlackElo "2111"]
[WhiteFideId "1188062"]
[BlackFideId "1102036"]
[EventDate "2016.08.20"]

1. d4 g6 2. e4 Bg7 3. Nc3 c6 4. Be3 d5 5. Qd2 dxe4 6. Nxe4 Nd7 7. O-O-O Ngf6 8.
Ng3 Nd5 9. Bh6 Bxh6 10. Qxh6 Qa5 11. Kb1 N7f6 12. Nf3 Be6 13. Qd2 Qa4 14. c4 Nb4
15. a3 a5 16. Re1 Qb3 17. axb4 axb4 18. Qd3 Qa4 19. Kc1 b5 20. Rxe6 fxe6 21. Kd2
O-O 22. Be2 c5 23. Bd1 Qa2 24. Bb3 Qxb2+ 25. Qc2 Qa3 26. Re1 cxd4 27. c5 d3 28.
Bxe6+ Kh8 29. Qb3 Qa5 30. Ne5 Ra6 31. Nxd3 Rd8 32. Kc2 Qc7 33. Qxb4 Ra4 34. Qb2
Rad4 35. Re3 Qa5 36. Bb3 b4 37. Ne2 R4d7 38. Nef4 Rc8 39. Ne6 Qa8 40. g4 h6 41.
g5 1-0

[Event "52nd Rubinstein Mem"]
[Site "Polanica Zdroj POL"]
[Date "2016.08.27"]
[Round "8.19"]
[White "Maj, Pawel"]
[Black "Lukasiewicz, Krzysztof"]
[Result "1/2-1/2"]
[WhiteElo "2087"]
[BlackElo "2120"]
[WhiteFideId "21818290"]
[BlackFideId "1166042"]
[EventDate "2016.08.20"]

1. c4 e5 2. g3 Nc6 3. Bg2 Bc5 4. Nc3 Nf6 5. e3 d6 6. Nge2 a6 7. O-O O-O 8. d4
exd4 9. exd4 Ba7 10. h3 Re8 11. a3 h6 12. b4 Bf5 13. Be3 Ne4 14. g4 Bh7 15. Nxe4
Bxe4 16. Bxe4 Rxe4 17. Ng3 Re8 18. Qd2 Qf6 19. Rad1 Ne7 20. f4 b5 21. Nh5 Qe6
22. Rf3 bxc4 23. f5 Qd5 24. Qf2 Nc6 25. Nf4 Qe4 26. h4 c3 27. Ne2 c2 28. Rc1 Qd3
29. Kg2 Qc4 30. g5 Nxd4 31. Nxd4 Bxd4 32. Rxc2 Bxe3 33. Rxc4 Bxf2 34. Kxf2 Re7
35. f6 Rd7 36. Rfc3 Ra7 37. Re4 a5 38. Re7 axb4 39. axb4 c5 40. Rxd7 Rxd7 41.
bxc5 dxc5 42. Rxc5 hxg5 43. Rxg5 g6 44. h5 Rd6 45. hxg6 Rxf6+ 46. Kg3 fxg6 47.
Ra5 Kg7 48. Kg4 Kh6 49. Ra4 Rb6 50. Ra3 Rb4+ 51. Kg3 Kh5 52. Ra5+ g5 53. Ra3
Rg4+ 54. Kh3 Rb4 55. Kg3 Rb5 56. Rc3 g4 57. Ra3 Kg5 1/2-1/2

[Event "52nd Rubinstein Mem"]
[Site "Polanica Zdroj POL"]
[Date "2016.08.27"]
[Round "8.20"]
[White "Kowalski, Igor"]
[Black "Samborski, Henryk"]
[Result "1-0"]
[WhiteElo "2055"]
[BlackElo "2114"]
[WhiteFideId "1172468"]
[BlackFideId "1103849"]
[EventDate "2016.08.20"]

1. e4 g6 2. d4 Bg7 3. Nc3 d6 4. Be3 c6 5. a4 Nf6 6. h3 O-O 7. g4 e5 8. d5 Qa5 9.
Bg2 cxd5 10. exd5 Ne8 11. Ne2 f5 12. gxf5 gxf5 13. f4 Nd7 14. Qd2 a6 15. O-O Kh8
16. Kh1 Ndf6 17. Ng3 e4 18. Rab1 Qb4 19. Ncxe4 Qxa4 20. Ng5 Nc7 21. Bb6 h6 22.
Bxc7 hxg5 23. Bxd6 g4 24. Bxf8 Bxf8 25. hxg4 Nxg4 26. Bf3 Bd7 27. Kg2 Rc8 28. c3
Re8 29. Bxg4 fxg4 30. Rbe1 Rxe1 31. Rxe1 Bh6 32. Qd4+ Qxd4 33. cxd4 Bxf4 34. Re7
Bb5 35. Ne4 Bd3 36. d6 Bxe4+ 37. Rxe4 Bxd6 38. Rxg4 Bf8 39. Kf3 Bg7 40. Ke4 Kg8
41. Rf4 1-0

[Event "52nd Rubinstein Mem"]
[Site "Polanica Zdroj POL"]
[Date "2016.08.27"]
[Round "8.21"]
[White "Kowalczyk, Rafal"]
[Black "Sliwerski, Radoslaw"]
[Result "1-0"]
[WhiteElo "2215"]
[BlackElo "2077"]
[WhiteFideId "1133853"]
[BlackFideId "1115308"]
[EventDate "2016.08.20"]

1. e4 c5 2. Nf3 d6 3. d4 cxd4 4. Nxd4 Nf6 5. Nc3 a6 6. Bg5 e6 7. f4 Nbd7 8. Qf3
Qc7 9. O-O-O Be7 10. g4 b5 11. Bxf6 Nxf6 12. g5 Nd7 13. f5 O-O 14. fxe6 fxe6 15.
Nxe6 Rxf3 16. Nxc7 Ra7 17. Ne8 Bxg5+ 18. Kb1 Ne5 19. Nxd6 Bh3 20. Nd5 Bxf1 21.
Rhxf1 Rd7 22. Nf5 Rxf1 23. Rxf1 Nc4 24. Rd1 Nd2+ 25. Ka1 Nxe4 26. Nde7+ Rxe7 27.
Nxe7+ Bxe7 28. Re1 Bd6 29. Rxe4 Bxh2 30. Kb1 g5 31. Kc1 Kf7 32. c4 bxc4 33. Rxc4
h5 34. Kd1 Be5 35. Rc6 Bxb2 36. Rxa6 h4 37. Ke2 h3 38. Kf3 h2 39. Kg2 Be5 40.
Rc6 Ke7 41. a4 Kd7 42. Rc5 Bb8 43. a5 Ba7 44. Rc2 g4 45. Kxh2 1-0

[Event "52nd Rubinstein Mem"]
[Site "Polanica Zdroj POL"]
[Date "2016.08.27"]
[Round "8.22"]
[White "Kmak, Wieslaw"]
[Black "Wisniewski, Michal"]
[Result "0-1"]
[WhiteElo "1907"]
[BlackElo "2197"]
[WhiteFideId "1110470"]
[BlackFideId "1159682"]
[EventDate "2016.08.20"]

1. d4 Nf6 2. Nf3 c5 3. e3 d5 4. b3 Nc6 5. Bb2 cxd4 6. exd4 Bg4 7. Be2 Bxf3 8.
Bxf3 g6 9. O-O Bg7 10. c4 O-O 11. Nd2 e6 12. Re1 Rc8 13. Nf1 dxc4 14. bxc4 Qb6
15. Rb1 Qa6 16. d5 Rfd8 17. Ne3 e5 18. Qe2 Nd4 19. Qd1 Qxa2 20. Bxd4 exd4 21.
Qxd4 Nxd5 22. Qxd5 Rxd5 23. cxd5 Qa6 24. Be2 Qd6 25. Rxb7 a5 26. Bb5 Bd4 27. Bc6
Rxc6 28. dxc6 Qxc6 29. Rbb1 a4 30. Rec1 Qf6 31. Ng4 Qf4 32. h3 h5 33. g3 Qxg3+
34. Kf1 Qxh3+ 0-1